000 01197nam a2200313Ia 4500
001 ebr10726743
003 CaPaEBR
006 m o u
007 cr cn|||||||||
008 130326s2013 njua s 001 0 eng d
010 _z 2013000336
020 _z9780470592083 (cloth)
020 _z9781118646960 (ebook)
040 _aCaPaEBR
_cCaPaEBR
035 _a(OCoLC)860713611
050 1 4 _aQD75.22
_b.T57 2013eb
082 0 4 _a543
_223
100 1 _aTissue, Brian M.,
_d1961-
245 1 0 _aBasics of analytical chemistry and chemical equilibria
_h[electronic resource] /
_cBrian M. Tissue.
260 _aHoboken, NJ :
_bJohn Wiley & Sons, Inc.,
_cc2013.
300 _axi, 413 p. :
_bill.
500 _aIncludes index.
533 _aElectronic reproduction.
_bPalo Alto, Calif. :
_cebrary,
_d2013.
_nAvailable via World Wide Web.
_nAccess may be limited to ebrary affiliated libraries.
650 0 _aChemical equilibrium
_vTextbooks.
650 0 _aChemistry, Analytic
_vTextbooks.
655 7 _aElectronic books.
_2local
710 2 _aebrary, Inc.
856 4 0 _uhttp://site.ebrary.com/lib/rucke/Doc?id=10726743
_zAn electronic book accessible through the World Wide Web; click to view
999 _c38945
_d38945